[Event "4th Balagne Open"]
[Site "Calvi FRA"]
[Date "2007.02.28"]
[Round "4"]
[White "Prie, E."]
[Black "Sulava, N."]
[Result "1-0"]
[WhiteElo "2516"]
[BlackElo "2537"]
[PlyCount "167"]
[EventDate "2007.02.26"]

1. d4 e6 2. a3 Nf6 3. Nf3 b6 4. Bf4 Bb7 5. e3 g6 6. h3 Bg7 7. Nbd2 O-O 8. Bd3
d6 9. Qe2 Nbd7 10. Ba6 Qc8 11. Bxb7 Qxb7 12. O-O Rfe8 13. Bh2 Rad8 14. Rfd1 Ne4
15. Nxe4 Qxe4 16. c4 h6 17. b4 Qb7 18. Rac1 Bf8 19. d5 Bg7 20. Qc2 Kh7 21. Bg3
e5 22. e4 Bf6 23. Ne1 Bg5 24. Rb1 Qc8 25. Qa4 f5 26. f3 Be3+ 27. Kh1 fxe4 28.
fxe4 Rf8 29. Nd3 Nf6 30. Re1 Bd4 31. Bh2 Rf7 32. Bg1 Bxg1 33. Kxg1 Rdf8 34. Qd1
Nh5 35. c5 Qa6 36. Qc2 bxc5 37. bxc5 Nf4 38. Rb3 Qa5 39. Qc3 Qa6 40. Kh2 Nxd3
41. Qxd3 Qa5 42. Rc1 h5 43. Qc3 Qa6 44. Qc4 Qa5 45. Qb4 Qa6 46. Qb5 Qxb5 47.
Rxb5 Kh6 48. Ra5 Rf4 49. Re1 Rf2 50. Rxa7 Rc2 51. Rxc7 Rff2 52. Rg1 dxc5 53.
Re7 c4 54. Rxe5 c3 55. d6 Rcd2 56. Rd5 Rxd5 57. exd5 Rd2 58. Rc1 Rxd5 59. Rxc3
Rxd6 60. a4 Ra6 61. Ra3 Ra5 62. Kg3 Kg5 63. Kf3 Kf5 64. Ke3 Ke5 65. Kd3 Kd5 66.
Kc3 Kc5 67. h4 Kb6 68. Kb4 g5 69. Rc3 Rf5 70. g3 gxh4 71. gxh4 Re5 72. Rc4 Re1
73. Rf4 Rg1 74. Kc4 Ka5 75. Kd5 Re1 76. Re4 Rg1 77. Ke5 Ka6 78. Kf6 Rg4 79. Kf5
Rg1 80. Re6+ Ka5 81. Rh6 Kxa4 82. Rxh5 Kb4 83. Rg5 Rh1 84. h5 1-0

[Event "4th Balagne Open"]
[Site "Calvi FRA"]
[Date "2007.02.28"]
[Round "4"]
[White "Dubois, M."]
[Black "Flear, G."]
[Result "0-1"]
[WhiteElo "2064"]
[BlackElo "2480"]
[PlyCount "86"]
[EventDate "2007.02.26"]

1. e4 e5 2. Nc3 Nf6 3. g3 Bb4 4. Bg2 c6 5. d4 d6 6. Nge2 O-O 7. O-O Na6 8. h3
Re8 9. dxe5 dxe5 10. Qxd8 Rxd8 11. Bg5 Be7 12. Rfd1 Be6 13. a3 Nc5 14. Rxd8+
Rxd8 15. Rd1 Rxd1+ 16. Nxd1 h6 17. Bxf6 Bxf6 18. Ne3 g6 19. b3 h5 20. a4 h4 21.
Ng4 Bxg4 22. hxg4 hxg3 23. Nxg3 Bg5 24. Nf1 Na6 25. Bf3 Nb4 26. Bd1 Bf4 27. Kg2
a5 28. Kf3 Na2 29. Be2 Nb4 30. Bd1 Kg7 31. Ke2 Kf6 32. c3 Na6 33. f3 Kg5 34.
Kd3 b5 35. axb5 cxb5 36. Be2 Nc5+ 37. Kc2 b4 38. Bd1 Kh4 39. Nd2 Kg3 40. c4 Kf2
41. Kc1 Ke3 42. Kb2 Kxd2 43. Bc2 g5 0-1

[Event "4th Balagne Open"]
[Site "Calvi FRA"]
[Date "2007.02.28"]
[Round "4"]
[White "Hrabinska, M."]
[Black "Massoni, M."]
[Result "0-1"]
[WhiteElo "2294"]
[BlackElo "2055"]
[PlyCount "70"]
[EventDate "2007.02.26"]

1. e4 c5 2. Nc3 d6 3. g3 Nc6 4. Bg2 g6 5. d3 Bg7 6. f4 e6 7. Nf3 Nge7 8. O-O
O-O 9. Be3 Nd4 10. e5 Rb8 11. Nxd4 cxd4 12. Bxd4 dxe5 13. Bxa7 Ra8 14. Bf2 exf4
15. gxf4 Nf5 16. Qd2 Bh6 17. Ne4 e5 18. Bc5 Re8 19. Qc3 Bg7 20. Rae1 Kh8 21.
Qb3 exf4 22. Rxf4 Qc7 23. Ref1 Rxe4 24. dxe4 Qxc5+ 25. Kh1 Be5 26. exf5 Bxf4
27. fxg6 hxg6 28. Rxf4 Be6 29. Qb4 Qxc2 30. a3 Rd8 31. Rf1 Rd1 32. Qxb7 Rxf1+
33. Bxf1 Qf2 34. Ba6 Bg4 35. Qb8+ Kh7 0-1

[Event "4th Balagne Open"]
[Site "Calvi FRA"]
[Date "2007.02.28"]
[Round "4"]
[White "Kradolfer, D."]
[Black "Grabinsky, V."]
[Result "0-1"]
[WhiteElo "2034"]
[BlackElo "2281"]
[PlyCount "78"]
[EventDate "2007.02.26"]

1. c4 Nf6 2. Nc3 e6 3. e4 c5 4. e5 Ng8 5. Nf3 Nc6 6. d4 cxd4 7. Nxd4 Qc7 8.
Nxc6 bxc6 9. Bf4 Ne7 10. Bd3 Ng6 11. Bxg6 hxg6 12. O-O f5 13. Qf3 Rb8 14. b3
Be7 15. Qg3 g5 16. Bxg5 Bxg5 17. Qxg5 Qxe5 18. Qg3 Qxg3 19. hxg3 c5 20. Nb5 a6
21. Nd6+ Ke7 22. Rad1 Rb6 23. Nxc8+ Rxc8 24. Rd3 a5 25. a4 Rcb8 26. Rb1 Rb4 27.
Rbd1 R8b7 28. Rd6 Rxb3 29. Ra6 Rb1 30. Rf1 R1b4 31. Rxa5 Rxc4 32. Ra8 Rb2 33.
Ra1 Rcc2 34. a5 Rxf2 35. a6 Rxg2+ 36. Kf1 Rbf2+ 37. Ke1 Ra2 38. Rxa2 Rxa2 39.
a7 Kd6 0-1

[Event "4th Balagne Open"]
[Site "Calvi FRA"]
[Date "2007.02.28"]
[Round "4"]
[White "Autran, Y."]
[Black "Chulivska, V."]
[Result "1-0"]
[WhiteElo "1997"]
[BlackElo "2208"]
[PlyCount "70"]
[EventDate "2007.02.26"]

1. c4 Nf6 2. Nc3 e6 3. e4 d5 4. e5 Nfd7 5. cxd5 Nxe5 6. d4 Ng6 7. dxe6 Bxe6 8.
d5 Bf5 9. Bb5+ Nd7 10. Nf3 a6 11. Be2 Bc5 12. Nd4 Bxd4 13. Qxd4 Qf6 14. Qb4
O-O-O 15. Be3 Nh4 16. Rg1 Bg6 17. d6 Ne5 18. Rd1 Nf5 19. Ne4 Nxe3 20. Qc5 Rxd6
21. Nxf6 Nxd1 22. Nd5 Nc6 23. Bxd1 Re8+ 24. Ne3 Ne5 25. Qa7 Rb6 26. Ba4 Nc6 27.
Bxc6 bxc6 28. b3 f5 29. Kd2 f4 30. Nc4 Rb5 31. Kc1 Rd5 32. Qxa6+ Kd7 33. Rd1
Be4 34. f3 Rxd1+ 35. Kxd1 Bd5 1-0

[Event "4th Balagne Open"]
[Site "Calvi FRA"]
[Date "2007.02.28"]
[Round "4"]
[White "Humeau, C."]
[Black "Ouadi, W."]
[Result "1-0"]
[WhiteElo "2160"]
[BlackElo "2033"]
[PlyCount "59"]
[EventDate "2007.02.26"]

1. b4 e5 2. Bb2 d6 3. c4 Be7 4. Nc3 Nf6 5. e4 Nc6 6. b5 Nd4 7. Be2 Be6 8. d3
O-O 9. Nf3 Nxf3+ 10. Bxf3 Nd7 11. O-O Nc5 12. Ba3 Qd7 13. Re1 Rad8 14. Bb4 Kh8
15. a4 Qe8 16. Nd5 Bxd5 17. cxd5 Bg5 18. Ra2 g6 19. d4 Nd7 20. Rc2 exd4 21.
Rxc7 Ne5 22. Qxd4 Bf6 23. Qe3 a6 24. Rxb7 axb5 25. axb5 Rc8 26. Bxd6 Nc4 27.
Qf4 Nxd6 28. Qxf6+ Kg8 29. Qxd6 Rd8 30. Qe7 1-0

[Event "4th Balagne Open"]
[Site "Calvi FRA"]
[Date "2007.02.28"]
[Round "4"]
[White "Poiron, N."]
[Black "Kradolfer, G."]
[Result "0-1"]
[WhiteElo "1899"]
[BlackElo "2159"]
[PlyCount "62"]
[EventDate "2007.02.26"]

1. d4 d5 2. Nf3 Nf6 3. g3 e6 4. Bg2 c5 5. c3 Nc6 6. O-O b6 7. Bg5 Be7 8. Nbd2
O-O 9. Bxf6 Bxf6 10. e4 cxd4 11. cxd4 Nxd4 12. e5 Nxf3+ 13. Nxf3 Be7 14. Nd4
Qd7 15. Rc1 Ba6 16. Re1 Rfc8 17. Nf3 Rxc1 18. Qxc1 Rc8 19. Qd2 Rc7 20. Nd4 Bc5
21. Ne2 Qc8 22. Nf4 Be7 23. Bh3 Bg5 24. b3 Rc2 25. Qb4 Qc5 26. Qxc5 bxc5 27.
Nxe6 Bd2 28. Rd1 fxe6 29. Bxe6+ Kf8 30. Bxd5 Bc3 31. e6 Bd4 0-1

[Event "4th Balagne Open"]
[Site "Calvi FRA"]
[Date "2007.02.28"]
[Round "4"]
[White "Geronimi, Pi"]
[Black "Baudson, C."]
[Result "1-0"]
[WhiteElo "1893"]
[BlackElo "2065"]
[PlyCount "49"]
[EventDate "2007.02.26"]

1. e4 c5 2. Nf3 Nc6 3. d4 cxd4 4. Nxd4 Nf6 5. Nc3 e5 6. Nf5 d6 7. Ne3 Be6 8.
Ned5 Rc8 9. f3 Nd4 10. Be3 Bxd5 11. exd5 Qb6 12. Bb5+ Kd8 13. O-O a6 14. Bd3
Qxb2 15. Na4 Qa3 16. c4 b5 17. Bxd4 exd4 18. cxb5 axb5 19. Bxb5 Nxd5 20. Qxd4
Nc7 21. Qb6 d5 22. Rac1 h5 23. Rfe1 Be7 24. Nc5 Bxc5+ 25. Rxc5 1-0

[Event "4th Balagne Open"]
[Site "Calvi FRA"]
[Date "2007.02.28"]
[Round "4"]
[White "Costa, Alb"]
[Black "Boukobza, A."]
[Result "0-1"]
[WhiteElo "2008"]
[BlackElo "2192"]
[PlyCount "52"]
[EventDate "2007.02.26"]

1. e4 e6 2. Nc3 d5 3. d3 c5 4. Nf3 Nf6 5. Bg5 Be7 6. h3 Nc6 7. Qd2 d4 8. e5
dxc3 9. Qxc3 Nd5 10. Bxe7 Qxe7 11. Qc4 b6 12. O-O-O Bb7 13. Nd2 Nxe5 14. Qb3
O-O 15. g3 Ne3 16. fxe3 Bxh1 17. e4 Bf3 18. Re1 Bh5 19. Bg2 Rac8 20. g4 Bg6 21.
c4 Rcd8 22. Bf1 Rd4 23. Qc3 Rfd8 24. Re3 Qg5 25. Rg3 Qf4 26. Rg2 Nxd3+ 0-1

[Event "4th Balagne Open"]
[Site "Calvi FRA"]
[Date "2007.02.28"]
[Round "4"]
[White "Campana, M."]
[Black "Jain Singhai, N."]
[Result "1-0"]
[WhiteElo "1791"]
[BlackElo "1955"]
[PlyCount "73"]
[EventDate "2007.02.26"]

1. e4 c5 2. Nf3 Nc6 3. d4 cxd4 4. Nxd4 Nf6 5. Nc3 e5 6. Ndb5 d6 7. Nd5 Nxd5 8.
exd5 Nb8 9. c4 Be7 10. Bd3 O-O 11. O-O a6 12. Nc3 f5 13. Be3 Nd7 14. f3 Bg5 15.
Bf2 Bh4 16. b4 Bxf2+ 17. Rxf2 Qb6 18. Rb1 Nf6 19. c5 Qc7 20. Qb3 Kh8 21. Na4
Bd7 22. Nb6 Rae8 23. Rc2 e4 24. Be2 Bb5 25. Rbc1 Bxe2 26. Rxe2 exf3 27. Qxf3
Rxe2 28. Qxe2 Ng4 29. h3 Ne5 30. Nc4 Nf7 31. Qe3 Rc8 32. Nb6 Rd8 33. Re1 h6 34.
Qe7 Qxe7 35. Rxe7 Ne5 36. Rxb7 dxc5 37. bxc5 1-0

[Event "4th Balagne Open"]
[Site "Calvi FRA"]
[Date "2007.02.28"]
[Round "5"]
[White "Oleksienko, M."]
[Black "Ni Hua"]
[Result "0-1"]
[WhiteElo "2541"]
[BlackElo "2632"]
[PlyCount "150"]
[EventDate "2007.02.26"]

1. e4 e6 2. d4 d5 3. Nd2 c5 4. exd5 Qxd5 5. Ngf3 cxd4 6. Bc4 Qd6 7. Qe2 Nf6 8.
Nb3 Nc6 9. Bg5 Qb4+ 10. Bd2 Qb6 11. O-O-O Bd7 12. Bg5 h6 13. Bh4 Bc5 14. Ne5
Nxe5 15. Qxe5 Bd6 16. Qe2 Bc5 17. Qe5 Bd6 18. Qxd4 Qxd4 19. Nxd4 g5 20. Bg3
Bxg3 21. hxg3 Rc8 22. Bb5 Ke7 23. Bxd7 Nxd7 24. Nb5 Rc6 25. f4 a6 26. Nd4 Rc5
27. Nf3 Rg8 28. Rd2 gxf4 29. gxf4 Rg4 30. Ne1 Ra5 31. Nd3 Rxa2 32. Kb1 Ra5 33.
Rxh6 Nc5 34. Rh5 Ne4 35. Rxa5 Nxd2+ 36. Ka2 Ne4 37. Ra4 Nd6 38. Ne1 e5 39. Kb3
e4 40. c4 Rxf4 41. c5 Nb5 42. Nc2 f5 43. Ra1 Rg4 44. Rh1 Rg3+ 45. Kc4 Rxg2 46.
Ne3 Rf2 47. Rh6 f4 48. Nd5+ Kd8 49. Rh8+ Kd7 50. Nf6+ Ke6 51. Nxe4 Rxb2 52.
Re8+ Kf5 53. Nd6+ Kg4 54. Rg8+ Kh3 55. Rh8+ Kg2 56. Rg8+ Kf2 57. Rg7 f3 58. Kd3
Rb3+ 59. Kc4 Rb1 60. Nxb7 Rd1 61. c6 Kf1 62. Kc5 f2 63. Kb6 Ke2 64. Rf7 f1=Q
65. Rxf1 Rxf1 66. Nc5 Rb1 67. Nxa6 Nd6+ 68. Kc5 Nc8 69. c7 Rc1+ 70. Kd5 Ke3 71.
Ke6 Rd1 72. Nc5 Kf4 73. Nb7 Rd2 74. Nc5 Rd6+ 75. Kf7 Rc6 0-1

[Event "4th Balagne Open"]
[Site "Calvi FRA"]
[Date "2007.02.28"]
[Round "5"]
[White "Kryvoruchko, Y."]
[Black "Malakhatko, V."]
[Result "1-0"]
[WhiteElo "2592"]
[BlackElo "2604"]
[PlyCount "85"]
[EventDate "2007.02.26"]

1. e4 e6 2. d4 d5 3. Nd2 c5 4. Ngf3 cxd4 5. Nxd4 Nc6 6. Nxc6 bxc6 7. Bd3 Nf6 8.
Qe2 Be7 9. O-O O-O 10. Re1 Re8 11. e5 Nd7 12. c3 a5 13. Qg4 f5 14. Qh3 Nc5 15.
Bc2 Bd7 16. Nb3 Ne4 17. Be3 a4 18. Nd2 a3 19. Nxe4 axb2 20. Rab1 fxe4 21. Rxb2
Rb8 22. Bb3 c5 23. Rd2 c4 24. Bc2 g6 25. f3 Qc7 26. fxe4 Bc5 27. Bxc5 Qxc5+ 28.
Qe3 Qxe3+ 29. Rxe3 Bc6 30. exd5 Bxd5 31. Be4 Rb5 32. Bxd5 Rxd5 33. Rxd5 exd5
34. e6 Re7 35. Kf2 Kf8 36. Re2 Ke8 37. Ke3 Ra7 38. Kd4 Ra5 39. e7 Ra3 40. h4 h5
41. g3 Ra5 42. Re3 Rb5 43. a3 1-0

[Event "4th Balagne Open"]
[Site "Calvi FRA"]
[Date "2007.02.28"]
[Round "5"]
[White "Sulava, N."]
[Black "Farnault, E."]
[Result "1-0"]
[WhiteElo "2537"]
[BlackElo "2074"]
[PlyCount "77"]
[EventDate "2007.02.26"]

1. Nf3 d5 2. d4 Nf6 3. c4 dxc4 4. e3 Bg4 5. Nbd2 e6 6. Nxc4 Nbd7 7. Be2 Be7 8.
a3 c5 9. h3 Bh5 10. O-O O-O 11. Bd2 Ne4 12. Be1 Rc8 13. d5 e5 14. g4 Bg6 15.
Nfxe5 Nxe5 16. Nxe5 Bf6 17. Nxg6 hxg6 18. f3 Ng5 19. Kg2 Bxb2 20. Rb1 Bxa3 21.
Rxb7 c4 22. Bc3 Bc5 23. e4 Nh7 24. e5 Re8 25. d6 Rb8 26. Rxb8 Qxb8 27. Bxc4 Qb7
28. Qd5 Qxd5 29. Bxd5 Nf8 30. f4 Rc8 31. Rf3 Ne6 32. Bxe6 fxe6 33. Ba5 Bb6 34.
Bxb6 axb6 35. Rb3 Rb8 36. d7 Kf7 37. Rxb6 Rd8 38. Rd6 Ke7 39. Kg3 1-0

[Event "4th Balagne Open"]
[Site "Calvi FRA"]
[Date "2007.02.28"]
[Round "5"]
[White "Kradolfer, G."]
[Black "Prie, E."]
[Result "1/2-1/2"]
[WhiteElo "2159"]
[BlackElo "2516"]
[PlyCount "104"]
[EventDate "2007.02.26"]

1. c4 c6 2. d4 d5 3. Nf3 Nf6 4. Nc3 a6 5. e3 b5 6. c5 g6 7. Qb3 a5 8. Ne5 Bg7
9. Bd3 O-O 10. O-O Be6 11. Qc2 Qc8 12. Bd2 Bf5 13. a3 Bxd3 14. Nxd3 Nbd7 15.
Be1 Re8 16. f4 Ne4 17. Bh4 Ndf6 18. Nf2 Nxf2 19. Bxf6 Nh3+ 20. gxh3 exf6 21.
Rf3 f5 22. h4 Re6 23. Raf1 b4 24. Nb1 Qa6 25. Kh1 a4 26. h5 Qc4 27. Qc1 b3 28.
Re1 Qc2 29. Nc3 Rae8 30. hxg6 fxg6 31. Qxc2 bxc2 32. Rc1 Rxe3 33. Rxe3 Rxe3 34.
Rxc2 Bxd4 35. Nxa4 Rb3 36. Nb6 Bxb2 37. Nxd5 cxd5 38. c6 Rb8 39. c7 Rc8 40.
Rxb2 Rxc7 41. a4 Ra7 42. Ra2 Kg7 43. Kg2 Kf6 44. a5 Ke6 45. Kf2 Kd6 46. Ke3 Kc5
47. h4 Kc4 48. Kd2 d4 49. a6 Kb4 50. Ra1 Kc4 51. Ra2 Kb4 52. Ra1 Kc4 1/2-1/2

[Event "4th Balagne Open"]
[Site "Calvi FRA"]
[Date "2007.02.28"]
[Round "5"]
[White "Flear, G."]
[Black "Autran, Y."]
[Result "1-0"]
[WhiteElo "2480"]
[BlackElo "1997"]
[PlyCount "43"]
[EventDate "2007.02.26"]

1. d4 d5 2. c4 c6 3. Nc3 Nf6 4. e3 e6 5. Nf3 Nbd7 6. Bd3 dxc4 7. Bxc4 b5 8. Bb3
Bb7 9. O-O a6 10. Re1 c5 11. d5 c4 12. dxe6 fxe6 13. Bc2 Qc7 14. Ng5 Nc5 15. f4
Bd6 16. b4 cxb3 17. axb3 Qc6 18. Qe2 O-O 19. Bb2 b4 20. Na4 Nfe4 21. Nxc5 Nxc5
22. Bxh7+ 1-0

[Event "4th Balagne Open"]
[Site "Calvi FRA"]
[Date "2007.02.28"]
[Round "5"]
[White "Grabinsky, V."]
[Black "Geronimi, Pi"]
[Result "1-0"]
[WhiteElo "2281"]
[BlackElo "1893"]
[PlyCount "37"]
[EventDate "2007.02.26"]

1. d4 d5 2. c4 e6 3. Nc3 Nf6 4. Bg5 Nbd7 5. Nf3 c6 6. e3 Qa5 7. Nd2 Ne4 8.
Ndxe4 dxe4 9. Bh4 Bb4 10. Qc2 c5 11. Be2 cxd4 12. exd4 O-O 13. O-O f5 14. f3
exf3 15. Bxf3 Rb8 16. Rae1 Nf6 17. Bg3 Ra8 18. Qb3 g5 19. Re5 1-0

[Event "4th Balagne Open"]
[Site "Calvi FRA"]
[Date "2007.02.28"]
[Round "5"]
[White "Massoni, M."]
[Black "Humeau, C."]
[Result "1/2-1/2"]
[WhiteElo "2055"]
[BlackElo "2160"]
[PlyCount "77"]
[EventDate "2007.02.26"]

1. e4 e5 2. Nf3 Nf6 3. d4 Nxe4 4. Nxe5 d5 5. Bd3 Nd7 6. Nxf7 Qe7 7. Nxh8 Nc3+
8. Kd2 Nxd1 9. Re1 Ne5 10. Rxe5 Be6 11. Kxd1 Kd7 12. Bf5 Bxf5 13. Rxe7+ Kxe7
14. Nc3 c6 15. Bf4 Ke8 16. Kd2 Be7 17. Re1 Kf8 18. a3 Re8 19. Nd1 Kg8 20. Bd6
Bg5+ 21. f4 Rxe1 22. Kxe1 Bf6 23. Ne3 Be4 24. Be5 Bd8 25. Kf2 Kxh8 26. c3 Kg8
27. Nf1 Kf7 28. g4 Bh4+ 29. Ng3 a5 30. Ke3 Bxg3 31. hxg3 b5 32. f5 g5 33. fxg6+
Bxg6 34. Kf4 a4 35. Bc7 Ke6 36. Be5 Bc2 37. Bc7 Bg6 38. Be5 Bc2 39. Bc7 1/2-1/2

[Event "4th Balagne Open"]
[Site "Calvi FRA"]
[Date "2007.02.28"]
[Round "5"]
[White "Boukobza, A."]
[Black "Hrabinska, M."]
[Result "1/2-1/2"]
[WhiteElo "2192"]
[BlackElo "2294"]
[PlyCount "131"]
[EventDate "2007.02.26"]

1. d4 Nf6 2. c4 e6 3. Nc3 Bb4 4. Nf3 c5 5. e3 Ne4 6. Qc2 d5 7. Bd3 Qa5 8. Bd2
Nxd2 9. Nxd2 cxd4 10. exd4 Nc6 11. Nb3 Qd8 12. O-O dxc4 13. Bxc4 O-O 14. Rad1
Qh4 15. Ne4 b6 16. h3 Be7 17. d5 Ne5 18. dxe6 Bxe6 19. Bxe6 fxe6 20. Nd4 Rf4
21. f3 Qh6 22. Qb3 Rh4 23. Qxe6+ Qxe6 24. Nxe6 Rh6 25. Nc7 Rc8 26. Nd5 Bf8 27.
Ne3 Rhc6 28. Rd5 Nc4 29. Nxc4 Rxc4 30. Rfd1 Rc2 31. R5d2 a5 32. Kf1 Kf7 33. Ke2
h6 34. Rxc2 Rxc2+ 35. Rd2 Rc1 36. Kd3 Rh1 37. a3 b5 38. Kc2 Rg1 39. Kb3 Ke6 40.
Re2 Kf7 41. Nc3 b4 42. axb4 Bxb4 43. Nd5 Bf8 44. Nb6 Ra1 45. Na4 Bb4 46. Nc3
Bf8 47. Rd2 Rg1 48. Ka4 Bb4 49. Kb5 g5 50. Rc2 Ra1 51. Rd2 Rg1 52. Rc2 Ra1 53.
Nd5 Bf8 54. Nb6 Kg6 55. Na4 Bb4 56. Rc6+ Kg7 57. Rc7+ Kg6 58. Rc6+ Kg7 59. Rc2
Kg6 60. Nc5 Kf5 61. Nd3 Be7 62. Rc7 Bf6 63. Rc8 Rg1 64. Rc2 Ra1 65. Rc8 Rg1 66.
Rc2 1/2-1/2

[Event "4th Balagne Open"]
[Site "Calvi FRA"]
[Date "2007.02.28"]
[Round "5"]
[White "Chulivska, V."]
[Black "Campana, M."]
[Result "1-0"]
[WhiteElo "2208"]
[BlackElo "1791"]
[PlyCount "61"]
[EventDate "2007.02.26"]

1. e4 c5 2. Nf3 d6 3. d4 cxd4 4. Nxd4 Nf6 5. Nc3 a6 6. Be3 e5 7. Nb3 Be6 8. f3
Be7 9. Qd2 O-O 10. O-O-O Nbd7 11. g4 b5 12. g5 b4 13. Ne2 Ne8 14. Qxb4 a5 15.
Qa4 Nb6 16. Bxb6 Qxb6 17. h4 Qe3+ 18. Nd2 d5 19. exd5 Bxd5 20. Nc3 Be6 21. Bc4
Nc7 22. Bxe6 Nxe6 23. Nd5 Qa7 24. Nxe7+ Qxe7 25. Rhe1 Nc5 26. Qa3 Qc7 27. Nc4
Rfc8 28. Rxe5 Nd7 29. Re4 Nb6 30. Ne3 Qg3 31. Nf5 1-0

[Event "4th Balagne Open"]
[Site "Calvi FRA"]
[Date "2007.02.28"]
[Round "5"]
[White "Baudson, C."]
[Black "Gil, L."]
[Result "1-0"]
[WhiteElo "2065"]
[BlackElo "1848"]
[PlyCount "96"]
[EventDate "2007.02.26"]

1. Nc3 g6 2. e4 c5 3. Nf3 Nc6 4. d4 cxd4 5. Nxd4 Bg7 6. Be3 Nf6 7. Be2 O-O 8.
O-O d5 9. exd5 Nxd5 10. Nxd5 Qxd5 11. Bf3 Qd7 12. Nxc6 bxc6 13. c3 Rb8 14. Qxd7
Bxd7 15. Rfd1 Rb7 16. Bc5 Re8 17. Rd2 Rc7 18. Rad1 Be6 19. Rd8 Kf8 20. Bxa7 Bd5
21. Rxe8+ Kxe8 22. Bxd5 cxd5 23. Bd4 e5 24. Re1 g5 25. Kf1 f6 26. a4 Kd7 27.
Bb6 Rc4 28. Ra1 Kc6 29. a5 Kb7 30. a6+ Ka8 31. Ra5 Rc6 32. Bc5 h6 33. a7 f5 34.
Rb5 Rc8 35. Ke2 f4 36. Ra5 Rc6 37. b4 e4 38. Ra3 Be5 39. Kd2 Bc7 40. Bd4 Bb6
41. Ra6 e3+ 42. fxe3 fxe3+ 43. Ke2 Bxd4 44. Rxc6 Bxa7 45. Rxh6 d4 46. Rh8+ Kb7
47. Rh7+ Kb8 48. Rxa7 Kxa7 1-0

[Event "4th Balagne Open"]
[Site "Calvi FRA"]
[Date "2007.02.28"]
[Round "5"]
[White "Geronimi, Pa"]
[Black "Poiron, N."]
[Result "1/2-1/2"]
[WhiteElo "1708"]
[BlackElo "1899"]
[PlyCount "85"]
[EventDate "2007.02.26"]

1. e4 c5 2. Nf3 Nc6 3. c3 e6 4. d4 cxd4 5. cxd4 d5 6. Nc3 Bb4 7. exd5 exd5 8.
Bd3 Nf6 9. O-O O-O 10. Bg5 Bxc3 11. bxc3 Bg4 12. Re1 h6 13. Bh4 Qd6 14. Be2 Ne4
15. Qc2 Rac8 16. Bg3 Nxg3 17. fxg3 Bxf3 18. gxf3 Nxd4 19. Qb2 Nxe2+ 20. Rxe2
Qc5+ 21. Kg2 Qxc3 22. Qxc3 Rxc3 23. Re7 Rc2+ 24. Kh3 Rb2 25. Rd7 Rb5 26. a4 Rb3
27. f4 Rd3 28. Rxb7 Ra8 29. Rc1 d4 30. Rcc7 Rf8 31. Rxa7 Rd1 32. Rd7 d3 33. Ra6
g6 34. Rad6 Ra8 35. Rxd3 Rxd3 36. Rxd3 Rxa4 37. Kg2 Ra2+ 38. Kg1 Ra1+ 39. Kg2
Ra2+ 40. Kg1 Ra1+ 41. Kg2 Ra2+ 42. Kg1 Ra1+ 43. Kg2 1/2-1/2

[Event "4th Balagne Open"]
[Site "Calvi FRA"]
[Date "2007.03.01"]
[Round "6"]
[White "Sulava, N."]
[Black "Kryvoruchko, Y."]
[Result "1-0"]
[WhiteElo "2537"]
[BlackElo "2592"]
[PlyCount "83"]
[EventDate "2007.02.26"]

1. Nf3 c5 2. c4 Nf6 3. Nc3 Nc6 4. g3 d5 5. d4 e6 6. cxd5 Nxd5 7. Bg2 Be7 8. O-O
O-O 9. Nxd5 exd5 10. dxc5 Bxc5 11. Bg5 f6 12. Bd2 Be6 13. e3 d4 14. exd4 Nxd4
15. Be3 Nxf3+ 16. Qxf3 Bxe3 17. Qxe3 Qd7 18. Rfd1 Qf7 19. Bxb7 Rab8 20. Bf3
Rxb2 21. Rd6 Rb6 22. Qxe6 Qxe6 23. Rxe6 Rxe6 24. Bd5 Rfe8 25. Re1 Kf7 26. f4 f5
27. g4 Kf6 28. g5+ Kf7 29. Kf2 h5 30. Re5 g6 31. a4 R8e7 32. Ke3 Re8 33. Kd4
R8e7 34. Kc5 Rc7+ 35. Kb4 Rcc6 36. Rxe6 Rxe6 37. Ka5 Ke7 38. Bxe6 Kxe6 39. Ka6
Kd6 40. Kxa7 Kc7 41. h4 Kc6 42. Kb8 1-0

[Event "4th Balagne Open"]
[Site "Calvi FRA"]
[Date "2007.03.01"]
[Round "6"]
[White "Flear, G."]
[Black "Oleksienko, M."]
[Result "0-1"]
[WhiteElo "2480"]
[BlackElo "2541"]
[PlyCount "114"]
[EventDate "2007.02.26"]

1. d4 Nf6 2. c4 c5 3. d5 e6 4. Nc3 exd5 5. cxd5 d6 6. e4 g6 7. f4 Bg7 8. Nf3
O-O 9. Be2 Bg4 10. O-O Bxf3 11. Bxf3 Nbd7 12. Re1 Ne8 13. Be3 Rb8 14. a4 a6 15.
a5 Nc7 16. Bf2 Re8 17. Bg3 Nb5 18. Nxb5 axb5 19. Qb3 b4 20. Re2 b5 21. axb6
Qxb6 22. Qc4 Qc7 23. Kh1 Nb6 24. Qb3 c4 25. Qxb4 Nxd5 26. Qa4 c3 27. e5 Rec8
28. Bxd5 cxb2 29. Rxb2 Qc1+ 30. Qd1 Qxb2 31. h3 dxe5 32. Bxf7+ Kh8 33. fxe5 Rf8
34. Be6 Bxe5 35. Rb1 Qc3 36. Bxe5+ Qxe5 37. Rxb8 Rxb8 38. Bg4 Ra8 39. Qd2 Ra1+
40. Bd1 Kg7 41. Kg1 h5 42. Qd7+ Kh6 43. Qd2+ Kh7 44. Qd7+ Qg7 45. Qd6 Qa7+ 46.
Kh2 h4 47. Qd8 Qf2 48. Qc7+ Kh6 49. Qd8 Qg3+ 50. Kh1 Qe1+ 51. Kh2 Rxd1 52. Qf8+
Kh5 53. Qf3+ Kg5 54. Qg4+ Kf6 55. Qf4+ Kg7 56. Qc7+ Kf8 57. Qf4+ Ke8 0-1

[Event "4th Balagne Open"]
[Site "Calvi FRA"]
[Date "2007.03.01"]
[Round "6"]
[White "Malakhatko, V."]
[Black "Grabinsky, V."]
[Result "1-0"]
[WhiteElo "2604"]
[BlackElo "2281"]
[PlyCount "129"]
[EventDate "2007.02.26"]

1. d4 Nf6 2. c4 e6 3. Nf3 d5 4. Nc3 Be7 5. Bg5 O-O 6. e3 h6 7. Bh4 b6 8. Bd3
Bb7 9. O-O Nbd7 10. Qe2 Ne4 11. Bg3 Ndf6 12. Rfd1 Nxc3 13. bxc3 Ne4 14. Qc2
Nxg3 15. hxg3 dxc4 16. Bxc4 c5 17. Qe2 Qc7 18. a4 Rac8 19. Ba6 Rfd8 20. a5 bxa5
21. Bxb7 Qxb7 22. Rxa5 cxd4 23. cxd4 Rd5 24. Qa6 Rc7 25. Qxb7 Rxb7 26. Rxd5
exd5 27. Ra1 Bb4 28. Ra6 f6 29. g4 Rc7 30. g3 Kf7 31. Kg2 g5 32. Ng1 Ke7 33.
Ne2 Bd2 34. Kf3 Rb7 35. Ng1 Bc3 36. Nh3 Rc7 37. Ke2 Bb4 38. f4 Rc2+ 39. Kf3 Rc7
40. Nf2 Bd6 41. Nd3 Kd7 42. Ke2 Rc2+ 43. Kf1 Rc7 44. Ke1 Rb7 45. Kd2 Rc7 46.
Kd1 Rb7 47. Ke2 Rc7 48. Kd2 Rb7 49. Nc5+ Bxc5 50. dxc5 Rc7 51. Rxf6 Rxc5 52.
Rf7+ Kd6 53. Rxa7 Rc6 54. Rg7 Kc5 55. Kd3 Ra6 56. fxg5 hxg5 57. Rxg5 Ra3+ 58.
Ke2 Ra2+ 59. Kf3 Ra3 60. Ke2 Kc4 61. Rg8 Ra2+ 62. Kf3 Ra1 63. g5 Rf1+ 64. Kg4
Kd3 65. Re8 1-0

[Event "4th Balagne Open"]
[Site "Calvi FRA"]
[Date "2007.03.01"]
[Round "6"]
[White "Prie, E."]
[Black "Massoni, M."]
[Result "1-0"]
[WhiteElo "2516"]
[BlackElo "2055"]
[PlyCount "59"]
[EventDate "2007.02.26"]

1. d4 Nf6 2. Nf3 g6 3. Nc3 d5 4. Bf4 Bg7 5. Qd2 Bf5 6. O-O-O Nbd7 7. Bh6 O-O 8.
Bxg7 Kxg7 9. h3 c6 10. Rg1 Ne4 11. Nxe4 dxe4 12. g4 Be6 13. Ng5 Bd5 14. f3 Nf6
15. fxe4 Nxe4 16. Nxe4 Bxe4 17. Qf4 Qd5 18. e3 Qe6 19. Kb1 Rac8 20. Bd3 Bxd3
21. Rxd3 Rfd8 22. e4 c5 23. d5 Qb6 24. Rf3 c4 25. Qxf7+ Kh8 26. Rgf1 c3 27. b3
Rf8 28. Qxf8+ Rxf8 29. Rxf8+ Kg7 30. g5 1-0

[Event "4th Balagne Open"]
[Site "Calvi FRA"]
[Date "2007.03.01"]
[Round "6"]
[White "Humeau, C."]
[Black "Kradolfer, G."]
[Result "1-0"]
[WhiteElo "2160"]
[BlackElo "2159"]
[PlyCount "79"]
[EventDate "2007.02.26"]

1. d4 d5 2. a3 Nf6 3. Nf3 e6 4. e3 c5 5. dxc5 Bxc5 6. c4 O-O 7. Nc3 dxc4 8.
Qxd8 Rxd8 9. Bxc4 Nc6 10. b4 Be7 11. Bb2 a6 12. O-O b5 13. Be2 Bb7 14. Rfd1
Rxd1+ 15. Rxd1 Rd8 16. Rxd8+ Bxd8 17. Kf1 Kf8 18. h3 h6 19. Ke1 Bc7 20. Kf1 e5
21. Nd2 Ne7 22. Nb3 Nd7 23. a4 Nd5 24. axb5 Nxc3 25. Bxc3 Bd5 26. Nd2 axb5 27.
Bxb5 Nb6 28. e4 Be6 29. Ke2 Ke7 30. Kd3 f5 31. f3 fxe4+ 32. fxe4 g5 33. Nc4
Bxc4+ 34. Bxc4 Kd6 35. Bd2 Bd8 36. Be3 Kc6 37. Kc3 Be7 38. Kb3 Kc7 39. Be6 Kc6
40. Bf5 1-0

[Event "4th Balagne Open"]
[Site "Calvi FRA"]
[Date "2007.03.01"]
[Round "6"]
[White "Wang Hao"]
[Black "Ouadi, W."]
[Result "1-0"]
[WhiteElo "2619"]
[BlackElo "2033"]
[PlyCount "53"]
[EventDate "2007.02.26"]

1. e4 c5 2. Nf3 d6 3. d4 cxd4 4. Nxd4 Nf6 5. Nc3 a6 6. Be3 e5 7. Nb3 Be6 8. f3
Nbd7 9. g4 Nb6 10. g5 Nfd7 11. Qd2 Nc4 12. Bxc4 Bxc4 13. O-O-O b5 14. Nd5 a5
15. Kb1 a4 16. Nc1 Bxd5 17. exd5 g6 18. h4 Rc8 19. h5 Qc7 20. Nd3 Nb6 21. Bxb6
Qxb6 22. f4 Be7 23. fxe5 dxe5 24. Nxe5 O-O 25. hxg6 fxg6 26. d6 Qc5 27. dxe7
1-0